| 000 | 00342nam a2200133Ia 4500 | ||
|---|---|---|---|
| 008 | 150201s2007 xx 000 0 und d | ||
| 082 |
_a511.3 _bYEN |
||
| 100 | _aYen, John | ||
| 245 | _aFuzzy logic : intelligence, control, and information | ||
| 260 |
_bPearson _aN.Delhi _c2007 |
||
| 300 | _a530p. | ||
| 700 | _aLangari,Reza | ||
| 942 |
_2ddc _cBK |
||
| 999 |
_c5563 _d5563 |
||